Indywidualni mistrzowie świata na żużlu od 2000 roku - Statystyki

Ogólne statystyki
  • Ten quiz został rozwiązany 49 razy
  • Średni wynik to 13 z 25
Statystyki odpowiedzi
Hint Odpowiedź % Poprawnych
2019 Bartosz Zmarzlik
97%
2020 Bartosz Zmarzlik
97%
2022 Bartosz Zmarzlik
97%
2023 Bartosz Zmarzlik
97%
2024 Bartosz Zmarzlik
97%
2003 Nicki Pedersen
85%
2010 Tomasz Gollob
85%
2013 Tai Woffinden
79%
2021 Artiom Laguta
71%
2017 Jason Doyle
71%
2004 Jason Crump
68%
2001 Tony Rickardsson
68%
2012 Chris Holder
62%
2011 Greg Hancock
62%
2000 Mark Loram
44%
2007 Nicki Pedersen2
15%
2008 Nicki Pedersen3
15%
2015 Tai Woffinden2
15%
2018 Tai Woffinden3
15%
2014 Greg Hancock2
12%
2016 Greg Hancock3
12%
2006 Jason Crump2
12%
2009 Jason Crump3
12%
2002 Tony Rickardsson2
12%
2005 Tony Rickardsson3
12%
Nie znaleziono quizów pasujących do podanych kryteriów
Rozkład punktacji
Procent ludzi z każdym wynikiem
Percentyl według liczby udzielonych odpowiedzi
Twoja historia wyników
Nie rozwiązałeś tego quizu